|
|
|
|
| LEADER |
01402nam a2200301 a 4500 |
| 001 |
3978277 |
| 008 |
090602s1996 ilua b 001 0 eng d |
| 010 |
|
|
|a 95012640
|
| 020 |
|
|
|a 0256166781
|
| 040 |
|
|
|a DLC
|c DLC
|d DLC
|
| 082 |
0 |
0 |
|a 657/.835/00973
|2 20
|
| 100 |
1 |
|
|a Engstrom, John H.
|
| 245 |
1 |
0 |
|a Essentials of accounting for governmental and not-for-profit organizations /
|c John H. Engstrom, Leon E. Hay.
|
| 250 |
|
|
|a 4th ed.
|
| 260 |
|
|
|a Chicago :
|b Irwin,
|c c1996.
|
| 300 |
|
|
|a xv, 355 p. :
|b ill. ;
|c 24 cm.
|
| 490 |
1 |
|
|a The Irwin series in undergraduate accounting
|
| 500 |
|
|
|a Hay's name appears first on the earlier editions.
|
| 504 |
|
|
|a Includes bibliographical references and index.
|
| 541 |
1 |
|
|e 00007962
|
| 650 |
|
0 |
|a Finance, Public
|z United States
|x Accounting.
|
| 650 |
|
0 |
|a Administrative agencies
|z United States
|x Accounting.
|
| 650 |
|
0 |
|a Nonprofit organizations
|z United States
|x Accounting.
|
| 700 |
1 |
|
|a Hay, Leon Edwards,
|d 1923-
|
| 852 |
4 |
|
|a Ayesha Abed Library
|j General Shelf.
|
| 999 |
|
|
|c 1295
|d 1295
|
| 952 |
|
|
|0 0
|1 0
|2 ddc
|4 0
|6 657_835009730000000_ENG_1996
|7 0
|9 1178
|a BRACUL
|b BRACUL
|c GEN
|d 2009-06-25
|g 0.00
|l 0
|o 657.83500973 ENG
|p 3010007962
|r 2009-06-25
|t 1
|w 2009-06-25
|y BK
|x No price found in the accession register.
|
| 952 |
|
|
|0 0
|1 0
|2 ddc
|4 0
|6 657_835009730000000_ENG_1996
|7 0
|9 10571
|a BRACUL
|b BRACUL
|c GEN
|d 2010-05-31
|l 0
|o 657.83500973 ENG
|p 3010007963
|r 2010-05-31
|t 2
|w 2010-05-31
|y BK
|